MARC details
| 000 -LEADER |
| fixed length control field |
01304cam a2200385 a 4500 |
| 001 - CONTROL NUMBER |
| control field |
1138 |
| 003 - CONTROL NUMBER IDENTIFIER |
| control field |
BD-DhEWU |
| 005 - DATE AND TIME OF LATEST TRANSACTION |
| control field |
20190303141930.0 |
| 008 - FIXED-LENGTH DATA ELEMENTS--GENERAL INFORMATION |
| fixed length control field |
920717s1993 ilua g b 001 0 eng d |
| 020 ## - INTERNATIONAL STANDARD BOOK NUMBER |
| International Standard Book Number |
0256111138 |
|
| International Standard Book Number |
0256125376 (pkg.) |
|
| International Standard Book Number |
0256128731 (international ed.) |
| 035 ## - SYSTEM CONTROL NUMBER |
| System control number |
(OCoLC)26351220 |
| 040 ## - CATALOGING SOURCE |
| Original cataloging agency |
DLC |
| Transcribing agency |
DLC |
| Modifying agency |
DLC |
| -- |
BD-DhEWU |
| Language of cataloging |
eng |
| 041 ## - LANGUAGE CODE |
| Language code of text/sound track or separate title |
eng |
| 050 00 - LIBRARY OF CONGRESS CALL NUMBER |
| Classification number |
HG4026 |
| Item number |
.R677 1993 |
| 082 04 - DEWEY DECIMAL CLASSIFICATION NUMBER |
| Classification number |
658.15 |
| Edition number |
22 |
| Item number |
ROF 1993 |
| 100 1# - MAIN ENTRY--PERSONAL NAME |
| Personal name |
Ross, Stephen A. |
| 9 (RLIN) |
10774 |
| 245 10 - TITLE STATEMENT |
| Title |
Fundamentals of corporate finance / |
| Statement of responsibility, etc |
Stephen A. Ross, Randolph W. Westerfield, Bradford D. Jordan. |
| 250 ## - EDITION STATEMENT |
| Edition statement |
2nd ed. |
| 260 ## - PUBLICATION, DISTRIBUTION, ETC. (IMPRINT) |
| Place of publication, distribution, etc |
Homewood, IL : |
| Name of publisher, distributor, etc |
Irwin, |
| Date of publication, distribution, etc |
c1993. |
| 300 ## - PHYSICAL DESCRIPTION |
| Extent |
xxxii, (various pagings) : |
| Other physical details |
ill. (some col.) ; |
| Dimensions |
27 cm. |
| 490 #0 - SERIES STATEMENT |
| Series statement |
Irwin series in finance. |
| 504 ## - BIBLIOGRAPHY, ETC. NOTE |
| Bibliography, etc |
Includes bibliographical references and index. |
| 526 ## - STUDY PROGRAM INFORMATION NOTE |
| Program name |
BA |
| 590 ## - LOCAL NOTE (RLIN) |
| Local note |
Saifun Momota |
| 650 #0 - SUBJECT ADDED ENTRY--TOPICAL TERM |
| Topical term or geographic name as entry element |
Corporations |
| General subdivision |
Finance. |
| 9 (RLIN) |
10825 |
| 653 ## - INDEX TERM--UNCONTROLLED |
| Uncontrolled term |
Corporations -- Finance. -- Management. |
| 700 1# - ADDED ENTRY--PERSONAL NAME |
| Personal name |
Westerfield, Randolph. |
| 9 (RLIN) |
10776 |
|
| Personal name |
Jordan, Bradford D. |
| 9 (RLIN) |
10777 |
| 856 42 - ELECTRONIC LOCATION AND ACCESS |
| Materials specified |
WorldCat details |
| Uniform Resource Identifier |
http://www.worldcat.org/title/fundamentals-of-corporate-finance/oclc/26351220&referer=brief_results |
| 942 ## - ADDED ENTRY ELEMENTS (KOHA) |
| Source of classification or shelving scheme |
Dewey Decimal Classification |
| Koha item type |
Text |